| 000 | 01524cam a2200361 i 4500 | ||
|---|---|---|---|
| 999 |
_c29278 _d29249 |
||
| 001 | 19523863 | ||
| 003 | EG-ScBUE | ||
| 005 | 20210801113514.0 | ||
| 008 | 170220s2018 enkb f b 001 0 eng d | ||
| 020 | _a9781509520497 (pbk.) | ||
| 040 |
_aIEN/DLC _beng _erda _cIEN _dDLC _dEG-ScBUE |
||
| 043 | _af-ua--- | ||
| 082 | 0 | 4 |
_a962.056 _bSPR _222 |
| 100 | 1 |
_aSpringborg, Robert, _eauthor. _937158 |
|
| 245 | 1 | 0 |
_aEgypt / _cRobert Springborg. |
| 264 | 1 |
_aCambridge, UK : _bPolity, _c2018. |
|
| 300 |
_axii, 245 pages : _bmap ; _c23 cm. |
||
| 336 |
_atext _btxt _2rdacontent |
||
| 337 |
_aunmediated _bn _2rdamedia |
||
| 338 |
_avolume _bnc _2rdacarrier |
||
| 490 | 1 | _aHot spots in global politics series | |
| 504 | _aIncludes bibliographical references and index. | ||
| 505 | 0 | _aEroding historical legacies -- The deep state presides : military, presidency, and intelligence services -- Under the thumb--bureaucrats, judges and parliamentarians -- Political and civil society--little room to breathe -- Reaping what is sown -- The rocky road ahead. | |
| 650 | 7 |
_aPolitical culture _zEgypt. _2BUEsh |
|
| 651 | 7 |
_aEgypt _xPolitics and government _y1981- _2BUEsh |
|
| 653 |
_bGGEN _cAugust2021 |
||
| 655 |
_vReading book _934232 |
||
| 776 | 0 | 8 |
_iOnline version: _aSpringborg, Robert, author. _tEgypt _dCambridge, UK : Polity, 2018 _z9781509520510 _w(DLC) 2017010789 |
| 906 |
_a7 _bcbc _corignew _d1 _eecip _f20 _gy-gencatlg |
||
| 942 |
_2ddc _cBB |
||